| 000 -LEADER |
| fixed length control field |
00710nam a22002057a 4500 |
| 005 - DATE AND TIME OF LATEST TRANSACTION |
| control field |
20251007112329.0 |
| 008 - FIXED-LENGTH DATA ELEMENTS--GENERAL INFORMATION |
| fixed length control field |
251007b ||||| |||| 00| 0 eng d |
| 020 ## - INTERNATIONAL STANDARD BOOK NUMBER |
| International Standard Book Number |
9780007130566 |
| 040 ## - CATALOGING SOURCE |
| Transcribing agency |
KH8 |
| 082 ## - DEWEY DECIMAL CLASSIFICATION NUMBER |
| Classification number |
598 SEU |
| 100 ## - MAIN ENTRY--PERSONAL NAME |
| Personal name |
DR SEUSS |
| Relator term |
AUTHOR |
| 245 ## - TITLE STATEMENT |
| Title |
THERE'S NO SPACE LIKE SPACE! |
| 260 ## - PUBLICATION, DISTRIBUTION, ETC. |
| Place of publication, distribution, etc. |
1 London Bridge Street,London SE1 9GF |
| Name of publisher, distributor, etc. |
HarperCollins Publishers Ltd |
| Date of publication, distribution, etc. |
2008 |
| 300 ## - PHYSICAL DESCRIPTION |
| Extent |
44 pages |
| Other physical details |
colour illustration |
| Dimensions |
15cm x 19cm |
| 500 ## - GENERAL NOTE |
| General note |
Join the Cat in the Hat as he introduces the beginning readers to important concepts about our solar system. |
| 650 ## - SUBJECT ADDED ENTRY--TOPICAL TERM |
| Source of heading or term |
Cat |
| Topical term or geographic name entry element |
Juvenile Fiction |
| 650 ## - SUBJECT ADDED ENTRY--TOPICAL TERM |
| Source of heading or term |
Planets |
| Topical term or geographic name entry element |
Juvenile Fiction |
| 700 ## - ADDED ENTRY--PERSONAL NAME |
| Personal name |
Ruiz,Aristides |
| Relator term |
Illustrator |
| 942 ## - ADDED ENTRY ELEMENTS (KOHA) |
| Source of classification or shelving scheme |
|
| Koha item type |
Books - Fiction |